000 00299nam a22001337a 4500
008 170216b xxu||||| |||| 00| 0 eng d
020 _a9780802309150
041 _aeng
080 _a61
100 _a4
101 _aSHM
245 _aMAKE YOUR MARK IN HEALTH SERVICE
_cPOGROUND, P
942 _2udc
_cBK
999 _c5662
_d5662